[Event "Arco op 44th"]
[Site "Arco"]
[Date "2022.10.10"]
[Round "3"]
[White "Mumelter, Erwin"]
[Black "Jirillo, Antonio"]
[Result "1-0"]
[WhiteElo "1663"]
[BlackElo "1477"]
[PlyCount "55"]
[EventDate "2022.10.08"]
[EventType "swiss"]
[EventRounds "9"]
[EventCountry "ITA"]
[SourceTitle "CBM 210 Extra"]
[Source "ChessBase"]
[SourceDate "2022.11.30"]
[SourceVersion "1"]
[SourceVersionDate "2022.11.30"]
[SourceQuality "1"]

1. e4 Nf6 2. e5 Nd5 3. d4 d6 4. c4 Nb6 5. exd6 exd6 6. Nf3 Nc6 7. h3 Bf5 8. Bd3 Bxd3 9. Qxd3 Be7 10. a3 0-0 11. 0-0 a5 12. Be3 a4 13. Nbd2 Bf6 14. Ne4 Na5 15. Nxf6+ Qxf6 16. Nd2 Qe6 17. d5 Qg6 18. Qc3 Nd7 19. f4 Nf6 20. f5 Qh5 21. Bd4 Nd7 22. Bxg7 Rfe8 23. Qg3 Nf8 24. Bc3+ Ng6 25. fxg6 fxg6 26. Rf2 Nb3 27. Nxb3 axb3 28. Raf1 1-0